Sultānā. (Record no. 78181)

MARC details
000 -LEADER
fixed length control field 00568cam a22002291 4500
001 - CONTROL NUMBER
control field sa 68001725
003 - CONTROL NUMBER IDENTIFIER
control field DLC
005 - DATE AND TIME OF LATEST TRANSACTION
control field 20260227112436.0
008 - FIXED-LENGTH DATA ELEMENTS--GENERAL INFORMATION
fixed length control field 890913s1967 ii 000 1 orio
010 ## - LIBRARY OF CONGRESS CONTROL NUMBER
LC control number sa 68001725
035 ## - SYSTEM CONTROL NUMBER
System control number (OCoLC)20337498
040 ## - CATALOGING SOURCE
Original cataloging agency DLC
Transcribing agency WaU
Modifying agency DLC
042 ## - AUTHENTICATION CODE
Authentication code premarc
050 00 - LIBRARY OF CONGRESS CALL NUMBER
Classification number PK2579.P3
Item number S9
100 1# - MAIN ENTRY--PERSONAL NAME
Personal name Paṭṭanāẏaka, Bibhūti,
Dates associated with a name 1936-
245 10 - TITLE STATEMENT
Title Sultānā.
260 ## - PUBLICATION, DISTRIBUTION, ETC.
Date of publication, distribution, etc. [1967]
300 ## - PHYSICAL DESCRIPTION
Extent 199 p.
Dimensions 22 cm.
500 ## - GENERAL NOTE
General note In Oriya.
500 ## - GENERAL NOTE
General note A novel.
600 00 - SUBJECT ADDED ENTRY--PERSONAL NAME
Personal name Raziya,
Titles and other words associated with a name Sultana of Delhi,
Dates associated with a name -1240
Form subdivision Fiction.

No items available.

Powered by Koha